Bệnh do chất độc ở gia súc, gia cầm, chó, mèo và thú cảnh
שמור ב:
| מחבר ראשי: | |
|---|---|
| פורמט: | ספר |
| שפה: | Undetermined |
| יצא לאור: |
Hà Nội
Nông nghiệp
2007
|
| נושאים: | |
| תגים: |
הוספת תג
אין תגיות, היה/י הראשונ/ה לתייג את הרשומה!
|
| Thư viện lưu trữ: | Trung tâm Học liệu Trường Đại học Cần Thơ |
|---|
| LEADER | 00676nam a2200205Ia 4500 | ||
|---|---|---|---|
| 001 | CTU_127977 | ||
| 008 | 210402s9999 xx 000 0 und d | ||
| 020 | |c 22500 | ||
| 082 | |a 636.089 | ||
| 082 | |b H108 | ||
| 100 | |a Đậu, Ngọc Hào | ||
| 245 | 0 | |a Bệnh do chất độc ở gia súc, gia cầm, chó, mèo và thú cảnh | |
| 245 | 0 | |c Đậu Ngọc Hào | |
| 260 | |a Hà Nội | ||
| 260 | |b Nông nghiệp | ||
| 260 | |c 2007 | ||
| 650 | |a Domestic Animals,Veterinary medicine,Chăn nuôi thú y,Động vật gia đình | ||
| 650 | |x Diseases | ||
| 904 | |i Tuyến | ||
| 980 | |a Trung tâm Học liệu Trường Đại học Cần Thơ | ||